| 000 | 00359nam a22001217a 4500 | ||
|---|---|---|---|
| 999 |
_c9907 _d9907 |
||
| 003 | OSt | ||
| 008 | 201203b ||||| |||| 00| 0 eng d | ||
| 245 | _aEffective Executive | ||
| 250 | _a2014(Mar Vol.17 No.1, Jun Vol.17 No.2, Sep Vol.17 No.3, Dec Vol.17 No.4) | ||
| 260 |
_bIUP Publications _aHyderabad, Andhra Pradesh |
||
| 650 | _aManagement | ||
| 942 |
_2ddc _cBV |
||